Možnosti využívania geotermálnej energie v podmienkach Slovenskej republiky
Využitie geotermálnych vôd Slovenska. Prehľad vybraných lokalít podľa krajov a geografických oblastí. Lokality podľa perspektívnych geotermálnych oblastí a samosprávnych krajov. SWOT analýza využívania geotermálnej energie v SR.
Guardado en:
| Autor principal: | |
|---|---|
| Formato: | Capítulo de libro |
| Lenguaje: | eslovaco |
| Materias: | |
| Etiquetas: |
Sin Etiquetas, Sea el primero en etiquetar este registro!
|
MARC
| LEADER | 00000naa$a2200000$$$4500 | ||
|---|---|---|---|
| 001 | 0181135 | ||
| 005 | 20240502073113.6 | ||
| 041 | 0 | |a slo | |
| 044 | |a SK | ||
| 245 | 1 | 0 | |a Možnosti využívania geotermálnej energie v podmienkach Slovenskej republiky |c Štefan Marsina |
| 520 | |a Využitie geotermálnych vôd Slovenska. Prehľad vybraných lokalít podľa krajov a geografických oblastí. Lokality podľa perspektívnych geotermálnych oblastí a samosprávnych krajov. SWOT analýza využívania geotermálnej energie v SR. | ||
| 610 | 2 | 0 | |a energia geotermálna |
| 610 | 2 | 0 | |a zdroje energie prírodné |
| 610 | 2 | 0 | |a Slovensko |
| 610 | 2 | 0 | |a voda termálna |
| 610 | 2 | 0 | |a kraje |
| 610 | 2 | 0 | |a ochrana vody |
| 610 | 2 | 0 | |a analýza swot |
| 100 | 1 | |a Marsina, Štefan | |